000 00635nam a2200193Ia 4500
008 151121s9999||||xx |||||||||||||| ||und||
082 _aबा।वि।
082 _bHNW-77988
100 _aपाठक सरिता
245 _aअकबर-बिरबल विनोद
260 _b"परिमल प्रकाशन, औरंगाबाद।"
260 _c--
300 _a55
600 _aपाठक सरिता
630 _aअकबर-बिरबल विनोद
700 _aपाठक सरिता
730 _aअकबर-बिरबल विनोद
942 _cBOOK
999 _c1259394
_d1259391